Statistics for Ariana Grande - Yours Truly (Tracklist)

Click here to take the quiz!

General Stats

  • This quiz has been taken 21 times
  • The average score is 11 of 12

Answer Stats

Answer% Correct
Honeymoon Avenue
100%
Popular Song (ft. Mika)
100%
Baby I
92%
Better Left Unsaid
92%
Daydreamin
92%
Piano
92%
The Way (ft. Mac Miller)
92%
You’ll Never Know
92%
Lovin’ It
85%
Right There (ft. Big Sean)
85%
Almost Is Never Enough (ft. Nathan Sykes)
77%
Tattooed Heart
77%

Score Distribution

Percentile by Number Answered

Percent of People with Each Score

Your Score History

You have not taken this quiz